The changeability of strain E of Rickettsia prowazeki in cell cultures-chick embryos and body lice- chick emryos

Bibliographic Details
Main Authors: Balayeva, N. M. (Author), Gudima, O. S. (Author), Nikoskaya, V. N. (Author), Nikolskaya, V. N. (Author)
Format: Article
Language:English
PhysicalDescription:Obr. 1.
Subjects:

MARC

LEADER 00000nab a2200000 a 4500
001 vtls000019900
003 SK-MaSNL
005 20260318122632.0
008 220422c1978 xo 0 eng
015 |a SNBRA19rr/mm-uuuuu 
035 |a CL0029994 
040 |a SNKBUCL  |b slo  |c SNKBUCL  |e AACR2 
041 0 |a eng 
044 |a xo  |c SK 
080 |a 576  |2 1981 
100 1 |a Balayeva, N. M.  |4 aut  |9 1199468 
245 1 4 |a The changeability of strain E of Rickettsia prowazeki in cell cultures-chick embryos and body lice- chick emryos  |c N. M. Balayeva, O. S. Gudima, V. N. Nikoskaya ; V. N. Nikolskaya 
300 |b Obr. 1. 
650 0 7 |a mikrobiológia  |2 snkbucl  |9 3580 
650 0 7 |a rickettsie  |2 snkbucl  |9 935830 
650 0 7 |a embryá (zoológia)  |2 snkbucl  |9 259336 
650 0 7 |a hydina  |2 snkbucl  |9 2747 
655 7 |a články zo zborníkov  |2 snkbucl  |9 166140 
700 1 |a Gudima, O. S.  |4 aut  |9 1009741 
700 1 |a Nikoskaya, V. N.  |4 aut  |9 1545297 
700 1 |a Nikolskaya, V. N.  |4 aut  |9 1536177 
773 0 |t Rickettsiae and rickettsial diseases  |d Bratislava : Veda, 1978  |g S. 171-179 
850 |a Slovenská národná knižnica v Martine  |a MTA001 
852 |a SNK  |b KIS3GCP 
958 7 |a RK 
958 7 |a ME 
992 |a RZB 
999 |c 3133313  |d 3135243